| 000 | 00737nam a2200229 a 4500 | ||
|---|---|---|---|
| 001 | BRCA_2546 | ||
| 005 | 20190320203847.0 | ||
| 008 | 261108s1925----enka---###---#000-0#eng-u | ||
| 050 | 4 |
_aNK4087 _b.H39 1925 |
|
| 100 | 1 |
_aHayden, Arthur _97291 |
|
| 245 | 1 | 0 |
_aSpode & his succesors _ba history of the pottery stoke-on-trent, 1765-1865 _cby Arthur Hayden. |
| 260 |
_aLondon _bcassell _c1925 |
||
| 300 |
_a204 p. _bil. (algunas a color), 24 láminas _c26 cm. |
||
| 500 | _aA30 | ||
| 600 | 1 | 4 |
_aCopeland, William Taylor _d1797-1868 _97292 |
| 600 | 1 | 4 |
_aSpode, Familia _97293 |
| 650 | 1 | 4 |
_aStaffordshire, Cerámica de. _97294 |
| 650 | 1 | 4 |
_aCerámica _xHistoria _91463 |
| 650 | 1 | 4 |
_aCerámica _zInglaterra _97295 |
| 902 | _aGFM | ||
| 942 |
_2lcc _cB |
||
| 999 |
_c2286 _d2286 |
||